00544nam a2200205 a 4500001001300000003000900013005001700022008004100039020001000080082001500090100001600105245003600121260004300157300000900200500003500209505002000244650002300264650003500287700001600322nice12345678IN_TiNIC20260116011546.0050524s1907 lona grp 000 0 eng  ac10000a297.2bWHE aWherry, E M aIslam and Christianity in India aLondonbFleming H Revell Compantc1907 a237p aincludes index and biblioraphy2 aAppendix, Index aIslam-Meccan Trade aPolemics-Christianity Vs islam1 aWherry, E M